Cities unlimited (Record no. 108634)
[ view plain ]
| 000 -LEADER | |
|---|---|
| fixed length control field | 01454cad a22002535a 4500 |
| 001 - CONTROL NUMBER | |
| control field | L144866 |
| 008 - FIXED-LENGTH DATA ELEMENTS--GENERAL INFORMATION | |
| fixed length control field | 080814e20080718xxk f 000 0 eng d |
| 020 ## - INTERNATIONAL STANDARD BOOK NUMBER | |
| International Standard Book Number | 9781906097288 |
| 035 ## - SYSTEM CONTROL NUMBER | |
| System control number | (Sirsi) u144866 |
| 041 0# - LANGUAGE CODE | |
| Language code of text/sound track or separate title | eng |
| 050 04 - LIBRARY OF CONGRESS CALL NUMBER | |
| Classification number | 711.52 $2 18 |
| 100 1# - MAIN ENTRY--PERSONAL NAME | |
| Personal name | Leunig, Tim |
| 245 00 - TITLE STATEMENT | |
| Title | Cities unlimited |
| 260 ## - PUBLICATION, DISTRIBUTION, ETC. | |
| Place of publication, distribution, etc. | London |
| Name of publisher, distributor, etc. | Policy Exchange |
| Date of publication, distribution, etc. | 2008 |
| 505 2# - FORMATTED CONTENTS NOTE | |
| Formatted contents note | Introduction -- Cities limited -- Success and the city -- Reactions to our work -- Things will only get worse -- We cannot accept this -- What can we do? -- Expanding London -- It will not just be London -- Economic geography outside of the South East -- Setting cities free -- What could cities do? -- Coping with population decline -- Improving governance -- Conclusion |
| 520 ## - SUMMARY, ETC. | |
| Summary, etc. | This controversial report proposes the building of one million houses in Cambridge, Oxford and London with the supposed aim of preventing a widening of the gap between the North and South of the UK. Other measures suggested include stopping funding for regeneration projects and allowing local government to spend funds allocated however they see fit. |
| 521 ## - TARGET AUDIENCE NOTE | |
| Target audience note | Advanced |
| 651 #4 - SUBJECT ADDED ENTRY--GEOGRAPHIC NAME | |
| Geographic name | England and Wales |
| Chronological subdivision | 1543- |
| 690 ## - LOCAL SUBJECT ADDED ENTRY--TOPICAL TERM (OCLC, RLIN) | |
| Topical term or geographic name as entry element | PROPERTY-PROPERTY MANAGEMENT-REGENERATION |
| 700 1# - ADDED ENTRY--PERSONAL NAME | |
| Personal name | Swaffield, James |
| 700 1# - ADDED ENTRY--PERSONAL NAME | |
| Personal name | Hartwich, Oliver Marc |
| 856 40 - ELECTRONIC LOCATION AND ACCESS | |
| Uniform Resource Identifier | <a href="https://www.policyexchange.org.uk/Publications.aspx?id=704">https://www.policyexchange.org.uk/Publications.aspx?id=704</a> |
| Public note | View the item free of charge at www.policyexchange.org.uk... |
| 942 ## - ADDED ENTRY ELEMENTS (KOHA) | |
| Suppress in OPAC | 0 |
| Withdrawn status | Lost status | Source of classification or shelving scheme | Damaged status | Not for loan | Home library | Current library | Shelving location | Date acquired | Total Checkouts | Full call number | Barcode | Date last seen | Copy number | Price effective from | Koha item type |
|---|---|---|---|---|---|---|---|---|---|---|---|---|---|---|---|
| Dewey Decimal Classification | Virtual | Virtual | Online | 14/08/2008 | ONLINE PUBLICATION | 144866-1001 | 06/08/2019 | 1 | 06/08/2019 | Book |